[Event "Hamar op B"]
[Site "Hamar"]
[Date "2017.11.02"]
[Round "5"]
[White "Mouawad, Jad"]
[Black "Teum, Erlend"]
[Result "1-0"]
[WhiteElo "1343"]
[BlackElo "1244"]
[PlyCount "69"]
[EventDate "2017.09.07"]
[EventType "swiss"]
[EventRounds "7"]
[EventCountry "NOR"]
[SourceTitle "EXT 2024"]
[Source "ChessBase"]
[SourceDate "2023.10.10"]
[SourceVersion "1"]
[SourceVersionDate "2023.10.10"]
[SourceQuality "1"]

1. d4 c6 2. e4 d5 3. e5 Bf5 4. Nf3 e6 5. Be2 Bb4+ 6. c3 Ba5 7. 0-0 Ne7 8. Bg5 h6 9. Bh4 Qc7 10. b4 Bb6 11. a4 a6 12. Bd3 Bxd3 13. Qxd3 Ng6 14. Bg3 Ne7 15. Nh4 Nd7 16. Nd2 Ba7 17. a5 0-0 18. f4 Qd8 19. Kh1 Bb8 20. f5 exf5 21. Nxf5 Bc7 22. Bh4 f6 23. e6 Nb8 24. Rae1 b6 25. Nxe7+ Qxe7 26. axb6 Bxb6 27. Nf3 Bc7 28. Qg6 a5 29. Bg3 Bxg3 30. Qxg3 axb4 31. Nh4 Ra3 32. Ng6 Qe8 33. Nxf8 Qxf8 34. e7 Qe8 35. Rxf6 1-0

[Event "Hamar CC-ch B"]
[Site "Hamar"]
[Date "2017.03.16"]
[Round "6"]
[White "Mouawad, Jad"]
[Black "Teum, Erlend"]
[Result "1/2-1/2"]
[WhiteElo "1200"]
[BlackElo "1065"]
[PlyCount "126"]
[EventDate "2017.01.05"]
[EventType "swiss"]
[EventRounds "9"]
[EventCountry "NOR"]
[SourceTitle "EXT 2024"]
[Source "ChessBase"]
[SourceDate "2023.10.10"]
[SourceVersion "1"]
[SourceVersionDate "2023.10.10"]
[SourceQuality "1"]

1. d4 d5 2. c4 c6 3. Nf3 Bf5 4. Nc3 e6 5. Bf4 Bd6 6. Bxd6 Qxd6 7. e3 Nf6 8. cxd5 cxd5 9. Qb3 b6 10. Nb5 Qe7 11. Rc1 0-0 12. Nc7 Rc8 13. Qc3 Nbd7 14. Ba6 Ne4 15. Qc6 Qb4+ 16. Ke2 Qxb2+ 17. Rc2 Ng3+ 18. hxg3 Qxc2+ 19. Qxc2 Bxc2 20. Nxa8 Rxa8 21. Rc1 Bg6 22. Bc8 Nf6 23. Ne5 h6 24. Nxg6 fxg6 25. Bxe6+ Kf8 26. f3 Ke7 27. Bc8 Kd8 28. Ba6 Rb8 29. g4 g5 30. Rc3 b5 31. Rb3 b4 32. a3 Rb6 33. Bd3 a5 34. axb4 Rxb4 35. Ra3 a4 36. Bc2 Rb2 37. Kd1 h5 38. gxh5 Nxh5 39. Rxa4 Ke7 40. Ra5 Nf6 41. e4 dxe4 42. fxe4 Rb4 43. Ra7+ Kf8 44. d5 Nxe4 45. Bxe4 Rxe4 46. d6 Rd4+ 47. Ke2 Rxd6 48. Kf3 Kg8 49. Kg4 Rg6 50. Ra5 Kf7 51. Rxg5 Kf6 52. Rxg6+ Kxg6 53. g3 Kf6 54. Kf4 Kg6 55. g4 Kf6 56. g5+ Kg6 57. Kg4 Kf7 58. Kf5 g6+ 59. Ke5 Ke7 60. Kd5 Kd7 61. Ke4 Ke6 62. Kf4 Kf7 63. Ke5 Ke7 1/2-1/2

[Event "Hamar Ridabu School-ch B"]
[Site "Hamar"]
[Date "2016.02.18"]
[Round "4"]
[White "Brobakken, Jorgen"]
[Black "Mouawad, Jad"]
[Result "1-0"]
[WhiteElo "1221"]
[BlackElo "1211"]
[PlyCount "118"]
[EventDate "2016.01.07"]
[EventType "swiss"]
[EventRounds "9"]
[EventCountry "NOR"]
[SourceTitle "EXT 2024"]
[Source "ChessBase"]
[SourceDate "2023.10.10"]
[SourceVersion "1"]
[SourceVersionDate "2023.10.10"]
[SourceQuality "1"]

1. d4 Nf6 2. f4 d5 3. e3 Bf5 4. Bd3 Bxd3 5. Qxd3 Ne4 6. Nd2 c5 7. Qb5+ Qd7 8. Qxd7+ Nxd7 9. Ngf3 e6 10. 0-0 c4 11. c3 Nef6 12. Ne5 Be7 13. g4 Nxe5 14. fxe5 Nxg4 15. e4 Bg5 16. exd5 Ne3 17. Rf3 Nxd5 18. Nxc4 Be7 19. Bd2 0-0 20. Rg3 Rfc8 21. Ne3 Nf4 22. Re1 Nd3 23. Rb1 h6 24. Ng2 g5 25. Rxd3 Rf8 26. Rf1 f5 27. exf6 Bxf6 28. Rdf3 Kg7 29. Ne3 h5 30. d5 Rad8 31. c4 b5 32. b3 g4 33. Rf4 Be7 34. Bc3+ Kg6 35. Rxf8 Bxf8 36. Rf6+ Kh7 37. Rxe6 Bc5 38. Kg2 Rf8 39. Re5 Kg6 40. Re6+ Kg5 41. Bd2 Rf3 42. Nd1+ Kf5 43. Ne3+ Kf4 44. Nf1+ Kf5 45. Ng3+ Rxg3+ 46. hxg3 bxc4 47. bxc4 a5 48. Rh6 a4 49. Rxh5+ Ke4 50. Rh6 Kd3 51. Ba5 Kxc4 52. d6 Kb5 53. d7 Be7 54. d8Q Bxd8 55. Bxd8 Kb4 56. Be7+ Kc3 57. Ra6 Kd4 58. Rxa4+ Ke5 59. Rxg4 Ke6 1-0

[Event "Hamar op B"]
[Site "Hamar"]
[Date "2015.12.03"]
[Round "7"]
[White "Mouawad, Jad"]
[Black "Soberg, Anders"]
[Result "0-1"]
[WhiteElo "1140"]
[BlackElo "1198"]
[PlyCount "150"]
[EventDate "2015.09.03"]
[EventType "swiss"]
[EventRounds "7"]
[EventCountry "NOR"]
[SourceTitle "EXT 2024"]
[Source "ChessBase"]
[SourceDate "2023.10.10"]
[SourceVersion "1"]
[SourceVersionDate "2023.10.10"]
[SourceQuality "1"]

1. e4 c6 2. d4 d5 3. e5 Bf5 4. Nf3 e6 5. Be2 c5 6. 0-0 Nc6 7. Bb5 a6 8. Bxc6+ bxc6 9. c3 Bg6 10. Be3 cxd4 11. cxd4 Qb6 12. Qa4 Bd3 13. Rc1 Bb5 14. Qc2 Ne7 15. a4 Bc4 16. Na3 Bb3 17. Qc3 Bxa4 18. Nc2 Bb5 19. Na3 Qb7 20. Rab1 Rc8 21. Qc2 Nf5 22. Nxb5 axb5 23. b4 g6 24. Bg5 Bg7 25. Qc5 Bf8 26. Qc2 Qb6 27. Bf6 Bg7 28. Qd2 Bxf6 29. exf6 Qd8 30. Qg5 h6 31. Qf4 Qxf6 32. g4 g5 33. Qe5 Qxe5 34. Nxe5 Nxd4 35. Kf1 f6 36. Nd3 h5 37. gxh5 Rxh5 38. Kg2 Kd7 39. Nc5+ Kd6 40. Nb7+ Ke5 41. Re1+ Kf4 42. Re3 Rch8 43. h3 g4 44. Rh1 gxh3+ 45. Kf1 e5 46. Nc5 e4 47. Nd7 R8h6 48. Nc5 h2 49. Kg2 Rg5+ 50. Rg3 Ne2 51. Ne6+ Kf5 52. Rxg5+ fxg5 53. Ng7+ Kf4 54. Kf1 Nd4 55. Kg2 Nc2 56. Rxh2 Rxh2+ 57. Kxh2 Kf3 58. Kg1 Nxb4 59. Ne6 g4 60. Ng5+ Ke2 61. Ne6 Nc2 62. Kg2 b4 63. Nc5 Nd4 64. Na4 Nb3 65. Nb6 d4 66. Nc4 d3 67. Ne3 d2 68. Kg3 d1Q 69. Nxd1 Kxd1 70. Kxg4 Nd2 71. Kf4 b3 72. Kg3 b2 73. f3 exf3 74. Kf2 b1Q 75. Kg1 Qg6+ 0-1